[Event "2nd Turkish League 2017"]
[Site "Konya"]
[Date "2017.07.18"]
[Round "2"]
[White "Rasulov, Vugar"]
[Black "Oz, Ozan"]
[Result "1-0"]
[WhiteElo "2517"]
[BlackElo "1849"]
[Annotator "TA"]
[PlyCount "75"]
[EventType "team-tourn"]
[EventCountry "TUR"]
[SourceTitle "playchess.com"]
[Source "ChessBase"]
[SourceQuality "1"]

{[%evp 9,74,-20,3,-13,-9,-24,-17,-20,-10,-11,18,-18,14,14,38,34,26,32,25,28,27,11,43,12,55,54,47,6,6,8,10,10,40,11,13,0,0,0,25,35,37,20,41,41,41,12,41,0,39,0,0,0,14,0,10,0,0,0,8,7,3,0,37,21,194,180,29999]} 1. d4 Nf6 2. Bg5 d5 3. Bxf6 exf6 4. e3 c6 5. g3 (5. Nd2 Bd6 6. Bd3 f5 7. c4 dxc4 8. Nxc4 Bb4+ 9. Nd2 Be6 10. Ne2 Bd6 11. O-O O-O 12. Qc2 g6 13. Bc4 Qe7 14. Qb3 {1-0 (74) Mamedyarov,S (2743)-Cheparinov,I (2682) Dubai 2014}) 5... Bf5 6. Bg2 {D00: 1 d4 d5: Unusual lines} Nd7 7. Ne2 Bd6 8. O-O {The position is equal.} O-O 9. Nd2 Re8 10. b3 Nf8 11. c4 Bc7 $146 ({Predecessor:} 11... Ba3 12. cxd5 cxd5 13. Nf4 {1-0 (29) Eklund,J (2192)-Hultin,P (2105) Lund 2010}) 12. cxd5 cxd5 13. Nc3 Be6 $1 14. b4 Ng6 15. Nb3 Rc8 16. Rc1 Ne7 17. Nc5 b6 18. Nd3 Qd7 19. Qb3 Bb8 20. b5 Rc7 21. Ne2 Rc4 22. Nb2 Rxc1 23. Rxc1 Rc8 24. Rxc8+ Qxc8 25. Nc3 Qb7 26. Nd3 Bd6 27. h4 h5 28. a4 g6 29. Qa2 Kg7 30. Bf3 Kh6 (30... Qc7 $5 {[%cal Rc7c3]} 31. Qb2 (31. Nxd5 Qb7 $15) 31... Bf5 $11) 31. Qb3 g5 32. hxg5+ fxg5 33. Nb4 Bxb4 34. Qxb4 Qc7 35. e4 {[%cal Re4d5]} dxe4 36. Bxe4 {Threatens to win with d5.} Qd7 $2 {[#]} (36... Bf5 $11 {and Black has nothing to worry.}) 37. d5 $1 $18 {[%cal Rd5e6][%mdl 512]} Nxd5 $2 (37... Bg4 $18 38. d6 Nf5) (37... Bxd5 38. Nxd5) 38. Qf8# {Precision: White = 44%, Black = 33%.} 1-0

[Event "2nd Turkish League 2017"]
[Site "Konya"]
[Date "2017.07.18"]
[Round "2"]
[White "Benderac, Ana"]
[Black "Bayrak, Asli"]
[Result "1-0"]
[WhiteElo "2233"]
[BlackElo "2056"]
[Annotator "NA"]
[PlyCount "73"]
[EventType "team-tourn"]
[EventCountry "TUR"]
[SourceTitle "playchess.com"]
[Source "ChessBase"]
[SourceQuality "1"]
[TimeControl "5400+30"]

1. d4 {[%emt 0:00:30]} d5 {[%emt 0:01:00]} 2. c4 {[%emt 0:00:00]} c6 {[%emt 0:01:30]} 3. cxd5 {[%emt 0:00:00]} cxd5 {[%emt 0:00:00]} 4. Nc3 {[%emt 0:00:30]} Nc6 {[%emt 0:00:00]} 5. Nf3 {[%emt 0:00:30]} Nf6 {[%emt 0:00:30]} 6. Bf4 {[%emt 0:01:30]} e6 {[%emt 0:02:30]} 7. e3 {[%emt 0:01:30]} a6 {[%emt 0:01:30]} 8. Bd3 {[%emt 0:01:30]} Be7 {[%emt 0:03:30]} 9. Rc1 {[%emt 0:00:30] LiveBook: 100 Games D13: Slav Defence: Exchange variation without ...Bf5} b5 $146 {[%emt 0:08:30]} (9... Nh5 $11 {keeps the balance.}) ({Predecessor:} 9... O-O 10. Ne5 Nxe5 11. dxe5 Nd7 12. O-O Nc5 13. Bb1 Qb6 14. Qd4 Rd8 15. h4 Bxh4 16. e4 Nd7 17. Qd3 d4 18. Na4 Qa5 {½-½ (43) Salgado Lopez,I (2606)-Malakhov,V (2722) Villafranca 2010}) 10. Nxb5 {[%emt 0:17:30]} axb5 {[%emt 0:00:30]} 11. Rxc6 {[%emt 0:00:00]} Qa5+ {[%emt 0:06:30]} 12. Nd2 {[%emt 0:03:00]} Bd7 {[%emt 0:00:30]} 13. Rc2 {[%emt 0:04:30]} Qxa2 {[%emt 0:01:30]} 14. O-O {[%emt 0:00:00]} O-O {[%emt 0:01:30]} 15. Qe2 {[%emt 0:01:00]} Rfc8 {[%emt 0:02:30]} 16. Rxc8+ {[%emt 0:01:30]} Rxc8 {[%emt 0:00:30]} 17. Nf3 {[%emt 0:00:00]} b4 {[%emt 0:07:30]} 18. Ne5 {[%emt 0:03:00]} Be8 {[%emt 0:02:30]} 19. Bg5 {[%emt 0:08:30]} Qa7 {[%emt 0:06:30]} 20. f3 {[%emt 0:03:30]} Nh5 {[%emt 0:18:30]} 21. Bxe7 {[%emt 0:03:30]} Qxe7 {[%emt 0:00:30]} 22. Ba6 {[%emt 0:03:30]} Rc7 {[%emt 0:01:30]} 23. Nd3 {[%emt 0:07:30]} Qd6 {[%emt 0:06:30]} 24. Nc5 {[%emt 0:00:30]} Nf6 {[%emt 0:00:30]} 25. Bb5 {[%emt 0:00:30]} Qb6 {[%emt 0:04:30]} 26. Bxe8 {[%emt 0:04:30]} Nxe8 {[%emt 0:00:00]} 27. Ra1 {[%emt 0:00:30]} Ra7 {[%emt 0:05:27]} 28. Rxa7 {[%emt 0:03:30]} Qxa7 $14 {[%emt 0:00:02]} 29. Qb5 {[%emt 0:03:30]} Qa1+ {[%emt 0:01:43]} 30. Kf2 {[%emt 0:00:30]} Qxb2+ {[%emt 0:00:30]} 31. Kg3 {[%emt 0:00:30]} Kf8 {[%emt 0:00:00]} 32. Nd7+ {[%emt 0:00:00]} Ke7 {[%emt 0:00:35]} 33. Ne5 {[%emt 0:00:00]} Nd6 {[%emt 0:06:59]} 34. Qd7+ {[%emt 0:00:30]} Kf6 {[%emt 0:00:00]} 35. Qxd6 {[%emt 0:00:30]} Qb1 {[%emt 0:01:13]} 36. Qd7 {[%emt 0:09:30]} Qe1+ {[%emt 0:04:11]} 37. Kg4 {[%emt 0:02:50]} 1-0

[Event "2nd Turkish League 2017"]
[Site "Konya"]
[Date "2017.07.20"]
[Round "2"]
[White "Akca, Gani Eren"]
[Black "Percin, Onder"]
[Result "1-0"]
[WhiteElo "2158"]
[BlackElo "1912"]
[Annotator "ChessBase"]
[PlyCount "111"]
[EventType "team-tourn"]
[EventCountry "TUR"]
[SourceTitle "playchess.com"]
[Source "ChessBase"]
[SourceQuality "1"]
[TimeControl "5400+30"]

1. e4 {[%emt 0:00:30]} e5 {[%emt 0:01:00]} 2. Nf3 {[%emt 0:00:30]} Nc6 {[%emt 0:00:30]} 3. Bb5 {[%emt 0:00:30]} a6 {[%emt 0:00:00]} 4. Ba4 {[%emt 0:00:00]} Nf6 5. O-O Be7 6. Re1 b5 7. Bb3 d6 {[%emt 0:00:00]} 8. c3 {[%emt 0:00:00]} O-O {[%emt 0:00:00]} 9. h3 {[%emt 0:00:00]} Nb8 {[%emt 0:00:30]} 10. d4 {[%emt 0:00:30]} Nbd7 {[%emt 0:00:00]} 11. Nbd2 {[%emt 0:00:30]} Bb7 {[%emt 0:00:00]} 12. Bc2 {[%emt 0:00:30]} Re8 {[%emt 0:00:30]} 13. Nf1 {[%emt 0:00:30]} Bf8 {[%emt 0:00:00]} 14. Ng3 {[%emt 0:00:00]} g6 {[%emt 0:00:00]} 15. b3 {[%emt 0:00:00]} Bg7 {[%emt 0:00:30]} 16. d5 {[%emt 0:00:00]} Nc5 {[%emt 0:05:30]} 17. Be3 {[%emt 0:06:00]} h6 {[%emt 0:15:30]} 18. c4 {[%emt 0:11:30]} bxc4 {[%emt 0:12:30]} 19. bxc4 {[%emt 0:09:30]} Nfd7 {[%emt 0:01:30]} 20. Rb1 {[%emt 0:05:30]} Qe7 {[%emt 0:04:30]} 21. Nd2 {[%emt 0:04:30]} Reb8 {[%emt 0:15:30]} 22. Nb3 {[%emt 0:02:30]} Nxb3 {[%emt 0:04:30]} 23. Rxb3 {[%emt 0:01:30]} Bc8 {[%emt 0:01:30]} 24. Qd2 {[%emt 0:02:30]} Kh7 {[%emt 0:07:30]} 25. Reb1 {[%emt 0:05:30]} Rxb3 {[%emt 0:07:30]} 26. Rxb3 {[%emt 0:00:30]} Nc5 {[%emt 0:01:30]} 27. Bxc5 {[%emt 0:02:30]} dxc5 {[%emt 0:00:30]} 28. Qa5 {[%emt 0:09:30]} h5 {[%emt 0:03:52]} 29. Rb1 {[%emt 0:04:30]} h4 {[%emt 0:03:52]} 30. Nf1 {[%emt 0:00:30]} f5 {[%emt 0:02:25]} 31. Ne3 {[%emt 0:03:30]} f4 {[%emt 0:05:54]} 32. Ng4 {[%emt 0:00:30]} Bf8 {[%emt 0:02:48]} 33. Ba4 {[%emt 0:03:30]} Bxg4 {[%emt 0:04:02]} 34. hxg4 {[%emt 0:00:30]} Qd8 {[%emt 0:00:09]} 35. Bc6 {[%emt 0:03:30]} Rb8 {[%emt 0:00:13]} 36. Rb7 {[%emt 0:02:30]} Bd6 {[%emt 0:00:02]} 37. Qxa6 {[%emt 0:01:30]} Rxb7 {[%emt 0:00:59]} 38. Bxb7 {[%emt 0:03:30]} Qg5 {[%emt 0:00:01]} 39. Bc8 {[%emt 0:00:30]} f3 {[%emt 0:01:05]} 40. Qa3 {[%emt 0:00:30]} fxg2 {[%emt 0:01:11]} 41. Kxg2 {[%emt 0:00:30]} Qd2 {[%emt 0:00:55]} 42. Be6 {[%emt 0:04:21]} Be7 {[%emt 0:01:46]} 43. Qf3 {[%emt 0:01:52]} Kh6 {[%emt 0:00:19]} 44. a4 {[%emt 0:02:22]} h3+ {[%emt 0:00:50]} 45. Kxh3 {[%emt 0:01:10]} Qa2 {[%emt 0:00:57]} 46. g5+ {[%emt 0:07:55]} Kxg5 {[%emt 0:00:36]} 47. Qg3+ {[%emt 0:00:53]} Kh6 {[%emt 0:00:39]} 48. Bf7 {[%emt 0:00:16]} Bg5 {[%emt 0:00:14]} 49. Qxe5 {[%emt 0:00:25]} Qb3+ {[%emt 0:00:32]} 50. Kg2 {[%emt 0:00:41]} Kh5 {[%emt 0:00:15]} 51. Qe6 {[%emt 0:01:47]} Kh4 {[%emt 0:00:47]} 52. Bxg6 {[%emt 0:00:47]} Qd3 {[%emt 0:00:32]} 53. Bf5 {[%emt 0:00:31]} Qxc4 {[%emt 0:00:27]} 54. Qe5 {[%emt 0:01:51]} Kh5 {[%emt 0:00:15]} 55. Qh8+ {[%emt 0:00:27]} Bh6 {[%emt 0:00:30]} 56. Qg8 {[%emt 0:00:00]} 1-0

[Event "2nd Turkish League 2017"]
[Site "Konya"]
[Date "2017.07.18"]
[Round "2"]
[White "Zor, Alber Kadir"]
[Black "Rzayev, Bahruz"]
[Result "0-1"]
[WhiteElo "2146"]
[BlackElo "2386"]
[Annotator "NA RC"]
[PlyCount "92"]
[EventType "team-tourn"]
[EventCountry "TUR"]
[SourceTitle "playchess.com"]
[Source "ChessBase"]
[SourceQuality "1"]
[TimeControl "5400+30"]

1. e4 {[%emt 0:00:30]} e5 {[%emt 0:01:00]} 2. Nf3 {[%emt 0:00:30]} Nc6 {[%emt 0:00:00]} 3. Bc4 {[%emt 0:00:00]} Nf6 {[%emt 0:00:00]} 4. d3 {[%emt 0:00:00]} Bc5 {[%emt 0:00:00]} 5. O-O {[%emt 0:00:30]} d6 {[%emt 0:00:00]} 6. c3 {[%emt 0:00:00]} a6 {[%emt 0:00:30]} 7. Bb3 {[%emt 0:00:00]} Ba7 {[%emt 0:00:30]} 8. h3 {[%emt 0:02:30]} h6 {[%emt 0:00:30]} 9. Re1 {[%emt 0:00:00]} g5 {[%emt 0:00:30]} 10. Be3 {[%emt 0:21:00]} Bxe3 {[%emt 0:00:30]} 11. fxe3 {[%emt 0:13:30]} g4 {[%emt 0:00:30]} 12. hxg4 {[%emt 0:00:00]} Nxg4 {[%emt 0:00:00]} 13. Qe2 {[%emt 0:01:00]} Qe7 {[%emt 0:09:00]} 14. c4 {[%emt 0:07:30]} f5 {[%emt 0:04:30]} 15. Nc3 {[%emt 0:26:30]} fxe4 {[%emt 0:03:30]} 16. Nxe4 {[%emt 0:02:30]} Bf5 {[%emt 0:00:30]} 17. Nh2 {[%emt 0:02:30]} (17. Ba4 $15) 17... h5 $17 {[%emt 0:01:30]} 18. Qf3 {[%emt 0:12:20]} Rf8 {[%emt 0:02:30]} 19. Nxg4 {[%emt 0:05:35]} hxg4 {[%emt 0:00:30]} 20. Qg3 {[%emt 0:00:24]} O-O-O {[%emt 0:02:30]} 21. Rf1 {[%emt 0:00:12]} Qh7 {[%emt 0:01:30]} 22. Bd1 {[%emt 0:03:04]} Kb8 {[%emt 0:00:30]} 23. Bxg4 {[%emt 0:00:27]} Bxe4 {[%emt 0:00:30]} 24. dxe4 {[%emt 0:00:30]} Qxe4 {[%emt 0:00:00]} 25. Rxf8 {[%emt 0:00:33]} Rxf8 {[%emt 0:00:00]} 26. b3 {[%emt 0:00:17]} Nd4 {[%emt 0:01:30]} 27. Rf1 {[%emt 0:00:45]} Rg8 {[%emt 0:00:30]} 28. exd4 {[%emt 0:00:50]} Qxd4+ {[%emt 0:00:00]} 29. Kh2 {[%emt 0:00:27]} Rxg4 {[%emt 0:02:00]} 30. Rf8+ {[%emt 0:00:30]} Ka7 {[%emt 0:00:30]} 31. Qf2 {[%emt 0:00:00]} b5 {[%emt 0:00:00]} 32. Qxd4+ {[%emt 0:01:02]} exd4 {[%emt 0:01:00]} 33. Kh3 {[%emt 0:00:30]} Re4 {[%emt 0:00:00]} 34. Rf2 {[%emt 0:00:34]} bxc4 {[%emt 0:00:00]} 35. bxc4 {[%emt 0:00:30]} Kb6 {[%emt 0:00:00]} 36. Rf5 {[%emt 0:00:00]} c6 {[%emt 0:00:00]} 37. a4 {[%emt 0:00:09]} a5 {[%emt 0:00:30]} 38. g4 {[%emt 0:01:18]} d3 {[%emt 0:00:00]} 39. Rf1 {[%emt 0:00:09]} Kc5 {[%emt 0:00:00]} 40. g5 {[%emt 0:00:21]} Kd4 {[%emt 0:00:30]} 41. g6 {[%emt 0:00:32]} Re8 {[%emt 0:00:30]} 42. Rf6 {[%emt 0:00:58]} d5 {[%emt 0:00:30]} 43. cxd5 {[%emt 0:00:00]} cxd5 {[%emt 0:00:00]} 44. Kg3 {[%emt 0:01:10]} d2 {[%emt 0:00:00]} 45. Rf1 {[%emt 0:00:07]} Re1 {[%emt 0:00:00]} 46. Rf4+ {[%emt 0:00:38]} Ke5 {[%emt 0:00:00]} 0-1

[Event "2nd Turkish League 2017"]
[Site "Konya"]
[Date "2017.07.18"]
[Round "2"]
[White "Babaoglu, Cumhur"]
[Black "Arman, Deniz"]
[Result "0-1"]
[WhiteElo "2113"]
[BlackElo "2273"]
[Annotator "TA"]
[PlyCount "106"]
[EventType "team-tourn"]
[EventCountry "TUR"]
[SourceTitle "playchess.com"]
[Source "ChessBase"]
[SourceQuality "1"]

{[%evp 13,106,33,42,-8,59,39,57,53,64,0,8,10,20,-6,-6,-8,-7,-7,0,-7,-6,-6,-6,-7,-8,-9,-8,-6,-4,-27,-27,-15,-15,-25,-25,-34,-33,-55,-27,-45,-23,-39,-7,0,0,-68,-58,-82,-58,-80,-72,-57,-57,-76,-83,-168,-160,-190,-93,-183,-149,-136,-53,-196,-196,-182,-183,-202,-183,-194,-206,-193,-160,-159,-156,-193,-149,-638,-635,-591,-532,-644,-510,-1472,-1631,-1327,-1344,-2157,-2149,-2038,-1970,-1654,-1626,-1477,-1476]} 1. d4 Nf6 2. Bf4 g6 3. Nc3 c6 4. e4 d6 5. Qd2 Qa5 (5... Nbd7 6. e5 Nh5 7. e6 fxe6 8. Be3 Bg7 9. O-O-O Nhf6 10. Nf3 b5 11. Bh6 Bxh6 12. Qxh6 b4 13. Ne2 {0-1 (60) Grischuk,A (2747)-Onischuk,V (2613) Almaty 2016}) 6. Nf3 {B07: Pirc Defence: Miscellaneous Systems} Bg7 7. Bd3 Bg4 {LiveBook: 3 Games} 8. e5 {White is slightly better.} dxe5 (8... Nh5 $11) 9. Nxe5 $14 Be6 $146 ({Predecessor:} 9... Nbd7 10. Nc4 Qd8 11. Bh6 Bxh6 12. Qxh6 Qc7 13. O-O O-O-O 14. Ne3 {1-0 (32) Suarez Real,A (2395)-Gregory,S (2127) England 2012}) 10. O-O O-O 11. Ne2 (11. Rfe1 $14) 11... Qxd2 $11 12. Bxd2 Rd8 13. c3 c5 14. Rfd1 Nc6 15. Nxc6 bxc6 16. Be3 Rab8 {White should prevent ...c4.} 17. b3 Nd5 18. dxc5 Bg4 19. Bd2 Bxe2 20. Bxe2 Bxc3 21. Rac1 Bxd2 22. Rxd2 a5 23. Bf3 e6 24. g3 Kf8 25. Bxd5 Rxd5 26. Rxd5 exd5 $15 {[%mdl 4096] Endgame KR-KR} 27. Kf1 Rb4 28. Ke2 a4 29. Rc3 (29. Rb1 $11) 29... axb3 30. axb3 Ke7 31. Re3+ Kd7 32. Kd2 Rb5 33. Rc3 Ke6 34. Kd3 (34. Re3+ $17 Kf6 35. Rc3) 34... Rb4 35. h3 g5 (35... h5 $19 36. Kc2 Rb5 37. Re3+ Kd7) 36. g4 (36. Kc2 $17) 36... d4 37. Rc4 {[#]} Rxb3+ ({Better is} 37... Rxc4 $1 $17 38. Kxc4 Ke5) 38. Kxd4 (38. Ke4 $1 $15) 38... Rxh3 $19 39. Rc2 Rf3 40. Re2+ Kf6 41. Ra2 Rf4+ 42. Ke3 Ke5 43. f3 Kd5 44. Rc2 Rc4 45. Rh2 $2 {[%mdl 8192] [#]} (45. Rd2+ $17 Kxc5 46. Rh2) 45... Rc3+ {Black is clearly winning.} 46. Kd2 Rxf3 47. Rxh7 Kxc5 48. Rg7 (48. Rh2 $142 Kd4 49. Rh5) 48... f6 49. Ke2 Rf4 50. Rf7 Kd6 51. Ke3 c5 {[%cal Bc6c5,Bc5c4][%mdl 32]} 52. Rf8 c4 53. Rd8+ Ke7 {Precision: White = 30%, Black = 65%.} 0-1

[Event "2nd Turkish League 2017"]
[Site "Konya"]
[Date "2017.07.20"]
[Round "2"]
[White "Duman, Aydin"]
[Black "Eke, Salih"]
[Result "1-0"]
[WhiteElo "2056"]
[BlackElo "1669"]
[Annotator "NA"]
[PlyCount "83"]
[EventType "team-tourn"]
[EventCountry "TUR"]
[SourceTitle "playchess.com"]
[Source "ChessBase"]
[SourceQuality "1"]
[TimeControl "5400+30"]

1. e4 {[%emt 0:00:30]} c5 {[%emt 0:01:00]} 2. Nf3 {[%emt 0:00:30]} Nc6 {[%emt 0:01:30]} 3. Bb5 {[%emt 0:00:30]} d6 {[%emt 0:00:30]} 4. O-O {[%emt 0:00:30]} Bd7 {[%emt 0:00:30]} 5. c3 {[%emt 0:00:30]} Nf6 {[%emt 0:00:30]} 6. Re1 {[%emt 0:06:30]} a6 {[%emt 0:01:30]} 7. Ba4 {[%emt 0:01:30]} b5 {[%emt 0:06:30]} 8. Bc2 {[%emt 0:00:30]} Bg4 {[%emt 0:00:00]} 9. d3 {[%emt 0:01:30]} e5 {[%emt 0:05:00]} 10. h3 {[%emt 0:00:30]} Bh5 {[%emt 0:06:30]} 11. Nbd2 {[%emt 0:00:30]} Be7 {[%emt 0:00:30]} 12. Nf1 {[%emt 0:00:30]} O-O {[%emt 0:01:30]} 13. Ng3 {[%emt 0:06:30]} Bg6 {[%emt 0:00:30] C90: Closed Ruy Lopez with 7...d6: Early deviations} 14. Nh4 {[%emt 0:00:30] LiveBook: 4 Games} d5 {[%emt 0:08:30]} (14... Ne8 15. Nhf5 Bg5 16. Qf3 Ra7 17. Bxg5 Qxg5 18. Rad1 Rc7 19. Bb3 Qf6 {½-½ (20) Gurevich,V (2474)-Vatter,H (2322) Germany 2012}) 15. Nxg6 {[%emt 0:00:30]} hxg6 {[%emt 0:01:30]} 16. exd5 {[%emt 0:00:30]} Nxd5 {[%emt 0:00:30]} 17. Qf3 {[%emt 0:00:30]} Qd7 {[%emt 0:05:30]} 18. Ne4 {[%emt 0:02:30]} b4 $146 {[%emt 0:03:30]} ({Predecessor:} 18... Rad8 19. Be3 Nxe3 20. Qxe3 Rc8 21. a3 {½-½ (58) Zarkovic,M (2107)-Benderac,A (2229) Apatin 2014}) 19. Bd2 {[%emt 0:06:30]} (19. Bb3 $5 {[%cal Rb3d5]} Rad8 20. Bg5 $16) 19... bxc3 {[%emt 0:05:30]} 20. bxc3 {[%emt 0:00:30]} Rad8 {[%emt 0:16:30]} 21. Rab1 {[%emt 0:10:30]} Nc7 {[%emt 0:08:30]} 22. Rb7 {[%emt 0:05:30]} Na5 {[%emt 0:00:30]} 23. Ba4 {[%emt 0:14:30]} Qc8 {[%emt 0:02:30]} 24. Rbb1 {[%emt 0:00:30]} Ne6 {[%emt 0:04:33]} 25. Ng3 {[%emt 0:12:30]} Qc7 {[%emt 0:01:27]} 26. Nf1 {[%emt 0:07:30]} c4 {[%emt 0:04:20]} 27. dxc4 {[%emt 0:00:30]} Nxc4 {[%emt 0:03:34]} 28. Be3 {[%emt 0:02:02]} Qa5 {[%emt 0:00:30]} 29. Bb3 {[%emt 0:02:27]} Nxe3 {[%emt 0:00:19]} 30. Nxe3 {[%emt 0:00:22]} Ng5 {[%emt 0:02:02]} 31. Qb7 {[%emt 0:01:15]} Bc5 {[%emt 0:02:23]} 32. Nd5 {[%emt 0:06:34]} Rfe8 {[%emt 0:06:24]} 33. h4 {[%emt 0:00:30]} Ne6 {[%emt 0:00:47]} 34. Rxe5 {[%emt 0:01:28]} Rb8 {[%emt 0:01:00]} 35. Qc6 {[%emt 0:01:15]} Rbc8 $18 {[%emt 0:00:52]} (35... Kf8 $14) 36. Ne7+ {[%emt 0:01:25]} Rxe7 {[%emt 0:00:40]} 37. Qxc8+ {[%emt 0:00:12]} Kh7 {[%emt 0:00:12]} 38. Rbe1 {[%emt 0:01:19]} Qb6 {[%emt 0:00:50]} 39. Rxc5 {[%emt 0:00:45]} Nxc5 {[%emt 0:01:00]} 40. Rxe7 {[%emt 0:00:30]} Nd3 {[%emt 0:00:30]} 41. Rxf7 {[%emt 0:00:00]} Qd6 {[%emt 0:00:00]} 42. Rf8 {[%emt 0:00:32]} 1-0

[Event "2nd Turkish League 2017"]
[Site "Konya"]
[Date "2017.07.20"]
[Round "2"]
[White "Seyhanoglu, Deniz"]
[Black "Yener, Cemil"]
[Result "1/2-1/2"]
[WhiteElo "2049"]
[BlackElo "1843"]
[Annotator "NA"]
[PlyCount "119"]
[EventType "team-tourn"]
[EventCountry "TUR"]
[SourceTitle "playchess.com"]
[Source "ChessBase"]
[SourceQuality "1"]
[TimeControl "5400+30"]

1. c4 {[%emt 0:00:30]} c5 {[%emt 0:01:00]} 2. g3 {[%emt 0:00:30]} g6 {[%emt 0:00:30]} 3. Bg2 {[%emt 0:00:30]} Bg7 {[%emt 0:00:30]} 4. e3 {[%emt 0:00:00]} e5 {[%emt 0:00:00]} 5. Nc3 {[%emt 0:00:00]} Ne7 {[%emt 0:00:00]} 6. Nge2 {[%emt 0:00:00]} Nbc6 {[%emt 0:00:00]} 7. O-O {[%emt 0:00:00]} O-O {[%emt 0:00:00]} 8. a3 {[%emt 0:00:00]} d6 {[%emt 0:00:00]} 9. d3 {[%emt 0:01:00]} Rb8 {[%emt 0:00:00] A36: Symmetrical English vs ...g6: 4 Bg2 Bg7} (9... a5 10. Bd2 Be6 11. Nd5 {½-½ (11) Saric,A (2597)-Saric,I (2654) Porec 2016}) 10. Rb1 {[%emt 0:00:30]} a6 {[%emt 0:00:30]} 11. b4 {[%emt 0:03:30]} cxb4 {[%emt 0:03:30]} 12. axb4 {[%emt 0:01:30]} b5 {[%emt 0:00:00]} 13. Ba3 {[%emt 0:10:30]} Be6 {[%emt 0:00:00]} 14. Nd5 {[%emt 0:01:30]} Qd7 {[%emt 0:04:30]} 15. Nec3 {[%emt 0:15:30]} Bh3 {[%emt 0:01:30]} 16. Ne4 {[%emt 0:04:30]} Nxd5 {[%emt 0:02:30]} 17. cxd5 {[%emt 0:01:30]} Bxg2 $146 {[%emt 0:00:30]} 18. dxc6 {[%emt 0:13:30]} Qh3 {[%emt 0:00:30]} 19. Ng5 {[%emt 0:00:30]} Qh6 {[%emt 0:00:00]} 20. Kxg2 {[%emt 0:03:30]} Qxg5 {[%emt 0:00:00]} 21. Qb3 {[%emt 0:03:30]} Rfc8 {[%emt 0:07:30]} 22. Qd5 {[%emt 0:03:30]} Qe7 {[%emt 0:00:30]} 23. Rfc1 {[%emt 0:01:30]} Rc7 {[%emt 0:00:30]} 24. Rc2 {[%emt 0:01:30]} Qe6 {[%emt 0:00:00] [#]} 25. e4 $1 {[%emt 0:05:30]} Rb6 {[%emt 0:14:00]} 26. Rc3 {[%emt 0:03:30]} h5 {[%emt 0:01:30]} 27. h3 {[%emt 0:02:30]} Bf8 {[%emt 0:21:30]} 28. Rbc1 {[%emt 0:00:30]} Qc8 {[%emt 0:06:30]} 29. R1c2 {[%emt 0:00:30]} Qa8 {[%emt 0:02:30]} (29... Bh6 $16 30. Qxd6 Bf8) 30. Bc1 {[%emt 0:00:30]} a5 {[%emt 0:04:30]} 31. Be3 {[%emt 0:00:30]} Ra6 {[%emt 0:00:30]} 32. bxa5 {[%emt 0:04:37]} ({Don't take} 32. Qxb5 $6 axb4 33. Qxb4 Rcxc6 $16) 32... b4 {[%emt 0:01:30]} 33. Rb3 {[%emt 0:01:37]} Rxa5 {[%emt 0:01:30]} 34. Qc4 {[%emt 0:01:07]} Ra6 {[%emt 0:00:30]} 35. Qxb4 {[%emt 0:02:09]} Raxc6 {[%emt 0:04:30]} 36. Rxc6 {[%emt 0:01:52]} Qxc6 {[%emt 0:00:30]} 37. Qa5 {[%emt 0:01:03]} Qd7 {[%emt 0:05:30]} 38. Rb6 {[%emt 0:01:59]} Be7 {[%emt 0:03:24]} 39. Qa8+ {[%emt 0:01:13]} Rc8 {[%emt 0:00:23]} 40. Qd5 {[%emt 0:00:33]} Kg7 {[%emt 0:00:28]} 41. Rb7 {[%emt 0:01:58]} Rc7 {[%emt 0:00:14]} 42. Rb6 {[%emt 0:00:03]} Qe6 {[%emt 0:01:17]} 43. Qb5 {[%emt 0:01:44]} Qd7 {[%emt 0:01:09]} 44. Qb3 {[%emt 0:01:19]} Qe6 {[%emt 0:00:05]} 45. Qa4 {[%emt 0:01:21]} Qd7 {[%emt 0:00:30]} 46. Qa8 {[%emt 0:00:30]} Rc8 {[%emt 0:00:00]} 47. Qd5 {[%emt 0:00:00]} Rc7 {[%emt 0:01:57]} 48. Rb5 {[%emt 0:00:58]} Qc6 {[%emt 0:01:59]} 49. Qb3 {[%emt 0:01:21]} Qc2 {[%emt 0:02:20]} 50. Qxc2 {[%emt 0:02:14]} Rxc2 {[%emt 0:00:41]} 51. Kf3 {[%emt 0:00:14]} Kf6 {[%emt 0:00:38]} 52. Rd5 {[%emt 0:02:16]} Ke6 {[%emt 0:00:37]} 53. Rb5 {[%emt 0:00:20]} Bf6 {[%emt 0:03:51]} 54. Ra5 {[%emt 0:01:02]} Rc7 {[%emt 0:00:52]} 55. Ra2 {[%emt 0:00:44]} Rc6 {[%emt 0:00:37]} 56. Ra5 {[%emt 0:00:22]} Bd8 {[%emt 0:00:57]} 57. Ra7 {[%emt 0:00:14]} Rc7 $11 {[%emt 0:01:36]} 58. Rxc7 {[%emt 0:00:58]} Bxc7 {[%emt 0:00:06]} 59. Ke2 {[%emt 0:01:11]} d5 {[%emt 0:00:10]} 60. f3 {[%emt 0:00:13]} 1/2-1/2

[Event "2nd Turkish League 2017"]
[Site "Konya"]
[Date "2017.07.20"]
[Round "2"]
[White "Ibik, Halit Yavuz"]
[Black "Bicer, Atakan Mert"]
[Result "1/2-1/2"]
[WhiteElo "2004"]
[BlackElo "1863"]
[Annotator "NA"]
[PlyCount "79"]
[EventType "team-tourn"]
[EventCountry "TUR"]
[SourceTitle "playchess.com"]
[Source "ChessBase"]
[SourceQuality "1"]
[TimeControl "5400+30"]

1. e4 {[%emt 0:00:30]} c6 {[%emt 0:01:00]} 2. d4 {[%emt 0:00:30]} d5 {[%emt 0:00:30]} 3. Nc3 {[%emt 0:00:30]} dxe4 {[%emt 0:00:30]} 4. Nxe4 {[%emt 0:00:00]} Bf5 {[%emt 0:00:00]} 5. Ng3 {[%emt 0:00:00]} Bg6 {[%emt 0:00:00]} 6. Nf3 {[%emt 0:00:30]} Nd7 {[%emt 0:00:00]} 7. Bd3 {[%emt 0:00:00]} Bxd3 {[%emt 0:00:00] LiveBook: 68 Games} 8. Qxd3 {[%emt 0:00:00]} Ngf6 {[%emt 0:03:30]} 9. O-O {[%emt 0:00:30]} e6 {[%emt 0:00:00]} 10. Re1 {[%emt 0:00:30]} Be7 {[%emt 0:00:00]} 11. b3 {[%emt 0:00:00]} O-O {[%emt 0:00:30]} 12. Bb2 {[%emt 0:00:00]} Qc7 {[%emt 0:00:30]} 13. c4 {[%emt 0:00:30]} Rad8 {[%emt 0:00:30]} 14. Qc2 {[%emt 0:00:30]} Rfe8 {[%emt 0:49:30]} 15. Rad1 {[%emt 0:01:30]} Bf8 {[%emt 0:00:00]} 16. Ne5 {[%emt 0:13:30]} Nxe5 {[%emt 0:03:00]} 17. dxe5 {[%emt 0:00:30]} Nd7 {[%emt 0:00:00]} 18. f4 {[%emt 0:01:30]} Bb4 {[%emt 0:08:00]} 19. Re2 {[%emt 0:02:30]} Nf8 {[%emt 0:01:30]} 20. Ne4 {[%emt 0:06:30]} Rxd1+ {[%emt 0:04:30]} 21. Qxd1 {[%emt 0:00:30]} Rd8 {[%emt 0:00:00]} 22. Qc2 {[%emt 0:00:30]} Qa5 {[%emt 0:09:41]} 23. Bc3 {[%emt 0:12:30]} Bxc3 {[%emt 0:07:05]} 24. Qxc3 {[%emt 0:01:30]} Qxc3 {[%emt 0:00:08]} 25. Nxc3 {[%emt 0:00:30]} Ng6 {[%emt 0:00:30]} 26. g3 {[%emt 0:00:30]} Ne7 {[%emt 0:00:06]} 27. Ne4 {[%emt 0:00:30]} Nf5 {[%emt 0:00:07]} 28. Kf2 {[%emt 0:00:30]} h5 {[%emt 0:02:34]} 29. h3 {[%emt 0:04:30]} Rd3 {[%emt 0:04:42]} 30. Rd2 {[%emt 0:03:30]} Rxd2+ $1 {[%emt 0:00:09]} 31. Nxd2 {[%emt 0:00:00]} c5 {[%emt 0:03:55]} 32. Ne4 {[%emt 0:09:00]} b6 {[%emt 0:00:06]} 33. Nc3 {[%emt 0:00:30]} Nd4 {[%emt 0:00:45]} 34. Nb5 {[%emt 0:10:30]} Nc6 {[%emt 0:01:50]} 35. Ke3 {[%emt 0:02:30]} Kf8 {[%emt 0:00:40]} 36. g4 {[%emt 0:07:30]} hxg4 {[%emt 0:00:30]} 37. hxg4 {[%emt 0:00:30]} Ke7 {[%emt 0:00:00]} 38. Ke4 {[%emt 0:01:30]} f6 {[%emt 0:02:24]} 39. exf6+ {[%emt 0:03:35]} gxf6 {[%emt 0:00:09]} 40. Nc3 $11 {[%emt 0:07:37]} 1/2-1/2